|
|
|
|
| LEADER |
00000naa2a2200000 4500 |
| 001 |
384289 |
| 005 |
20231101063232.0 |
| 035 |
|
|
|a (RuTPU)RU\TPU\prd\10848
|
| 090 |
|
|
|a 384289
|
| 100 |
|
|
|a 20030220a2002 k y0rusy50 ca
|
| 101 |
0 |
|
|a rus
|
| 102 |
|
|
|a RU
|
| 200 |
1 |
|
|a Акустическое реле
|f А. Бутов
|
| 225 |
1 |
|
|a Автоматика
|
| 320 |
|
|
|a Библиогр.: 3 назв.
|
| 461 |
|
1 |
|0 (RuTPU)RU\TPU\prd\2494
|t Схемотехника
|o научно-технический журнал
|d 2002-2007
|
| 463 |
|
1 |
|0 (RuTPU)RU\TPU\prd\2502
|t № 3
|v С. 2-3
|d 2002
|
| 610 |
1 |
|
|a акустические реле
|
| 610 |
1 |
|
|a энергосбережение
|
| 610 |
1 |
|
|a лампы накаливания
|
| 610 |
1 |
|
|a освещение
|
| 700 |
|
1 |
|a Бутов
|b А.
|g Андрей
|
| 801 |
|
1 |
|a RU
|b 63413507
|c 20030220
|g PSBO
|
| 801 |
|
2 |
|a RU
|b 63413507
|c 20131217
|g RCR
|
| 942 |
|
|
|c BK
|